000 00693cab a2200229 4500
001 WB2904-49
008 090401t1993 xxu||||| |||| 00| 0 eng d
035 _a(Sirsi) u38514
041 _aeng
245 _aGlobal warming raises premiums
260 _c1993
350 _a0
490 _aIndependent
_v23 January 1993, 21(1)
520 _aPeople living in flood-prone areas could face higher insurance premiums as a result of insurers investigating the effect of global warming on coastal patterns.
650 _aCOASTAL ZONES
650 _aFLOODING
650 _aGLOBAL WARMING
650 _aINSURANCE PREMIUMS
690 _aInsurance
_96249
942 _n0
948 _c04/03/1997
999 _c24756
_d24756